Diseño de un modelo de aseguramiento de la calidad para el área de carnes de la Corporación de Servicios Auto Mercado
Uloženo v:
| Hlavní autor: | |
|---|---|
| Další autoři: | , |
| Médium: | Kniha |
| Vydáno: |
[San José, Costa Rica]
2005
|
| Témata: | |
| Tagy: |
Přidat tag
Žádné tagy, Buďte první, kdo vytvoří štítek k tomuto záznamu!
|
MARC
| LEADER | 00000nam a2200000Ia 4500 | ||
|---|---|---|---|
| 003 | 009455 | ||
| 005 | 20221231144133.0 | ||
| 008 | 140114s2005 cr a m 000 ||s d | ||
| 040 | |c cru CEDI | ||
| 090 | |a TFG 4996 | ||
| 100 | |a González Díaz, Isaac |9 6178 | ||
| 245 | |a Diseño de un modelo de aseguramiento de la calidad para el área de carnes de la Corporación de Servicios Auto Mercado | ||
| 260 | |c 2005 |a [San José, Costa Rica] | ||
| 300 | |a 99, [170] hojas : 1 ilustraciones | ||
| 500 | |a Proyecto de graduación (licenciatura en ingeniería industrial)--Universidad de Costa Rica. Facultad de Ingeniería. Escuela de Ingeniería Industrial | ||
| 650 | |x CORPORACION DE SERVICIOS AUTO MERCADO (COSTA RICA) |x ADMINISTRACION |x CONTROL DE CALIDAD |x CONTROL DE PROCESOS |x ASPECTOS HIGIENICOS |x SATISFACCION DEL CLIENTE |9 6181 | ||
| 700 | |9 6179 |a Murillo Araya, Nancy | ||
| 700 | |9 6180 |a Sasso Goicoechea, Eduardo | ||
| 942 | |c TFG | ||
| 999 | |c 17427 |d 17427 | ||
